| 000 -LEADER |
| fixed length control field |
00388cam a22001457a 4500 |
| 008 - FIXED-LENGTH DATA ELEMENTS--GENERAL INFORMATION |
| fixed length control field |
180718b1851 xxu||||| |||| 00| 0 eng d |
| 082 ## - DEWEY DECIMAL CLASSIFICATION NUMBER |
| Classification number |
AB2 P26 |
| 100 ## - MAIN ENTRY--PERSONAL NAME |
| Personal name |
Pascal, Blaise |
| 245 ## - TITLE STATEMENT |
| Title |
Provincial letters of Blaise Pascal |
| Statement of responsibility, etc. |
by Blaise Pascal |
| 260 ## - PUBLICATION, DISTRIBUTION, ETC. |
| Place of publication, distribution, etc. |
Edinburgh |
| Name of publisher, distributor, etc. |
Johnstone and Hunter |
| Date of publication, distribution, etc. |
1851 |
| 300 ## - PHYSICAL DESCRIPTION |
| Extent |
348p. |
| 650 ## - SUBJECT ADDED ENTRY--TOPICAL TERM |
| Topical term or geographic name entry element |
Port Royal |
| 650 ## - SUBJECT ADDED ENTRY--TOPICAL TERM |
| Topical term or geographic name entry element |
Jansenists |
| 650 ## - SUBJECT ADDED ENTRY--TOPICAL TERM |
| Topical term or geographic name entry element |
Jesuits |